ბათუმის შოთა რუსთაველის სახელმწიფო უნივერსიტეტის ბიბლიოთეკა

ქართული პროზა წ.26. შალვა დადიანი:გვირგვილიანების ოჯახი (ბიბ.ჩანაწერი № 43751)

000 -LEADER
fixed length control field 01089nam a2200229Ia 4500
001 - CONTROL NUMBER
control field 10496
003 - CONTROL NUMBER IDENTIFIER
control field GE_BSU
008 - FIXED-LENGTH DATA ELEMENTS--GENERAL INFORMATION
fixed length control field 181216s||||||||xx |||||||||||||| ||und||
040 ## - CATALOGING SOURCE
Transcribing agency GE_BSU
080 ## - UNIVERSAL DECIMAL CLASSIFICATION NUMBER
Universal Decimal Classification number 821.353.1–3+821.353.1-31
100 ## - MAIN ENTRY--PERSONAL NAME
Personal name დადიანი,შალვა
245 ## - TITLE STATEMENT
Title ქართული პროზა წ.26. შალვა დადიანი:გვირგვილიანების ოჯახი
245 ## - TITLE STATEMENT
Statement of responsibility, etc. სარედ.კოლ.რ.თვარაძე და სხვ.შემდგ.რედ.ჯ.ღვინჯილია.ვ.ჯავახაძე..რედ.ქ.კვინტრაძე.მხატვ.დ.დუნდუა,თამაზ შარიფაშვილი
260 ## - PUBLICATION, DISTRIBUTION, ETC.
Place of publication, distribution, etc. თბილისი
260 ## - PUBLICATION, DISTRIBUTION, ETC.
Name of publisher, distributor, etc. საქართველო
260 ## - PUBLICATION, DISTRIBUTION, ETC.
Date of publication, distribution, etc. 1996
300 ## - PHYSICAL DESCRIPTION
Extent 512გვ.20სმ.
653 ## - INDEX TERM--UNCONTROLLED
Uncontrolled term ქართული პროზა
653 ## - INDEX TERM--UNCONTROLLED
Uncontrolled term ჯაყოს ხიზნები,თეთრი საყელო,გივი შადური
942 ## - ADDED ENTRY ELEMENTS (KOHA)
Koha item type წიგნი
ეგზემპლარები
Withdrawn status Lost status Damaged status Not for loan Date acquired Barcode Date last seen Price effective from Koha item type
        2018-12-17 34252 2018-12-17 2018-12-17 წიგნი